Diseño de estructuras de concreto

Saved in:
書目詳細資料
Main Authors: Nilson, Arthur H. (autor), Winter, George (Author)
格式: 圖書
語言:西班牙语
出版: Bogotá McGraw-Hill 1994
主題:
標簽: 添加標簽
沒有標簽, 成為第一個標記此記錄!

MARC

LEADER 00000nam a2200000 a 4500
001 UCZ5917
003 CL-VaPUC
008 951130e19940000CK |||||||||||||||||spa|d
082 0 4 |a 624.183  |b NIL  |2 21 
100 |a Nilson, Arthur H.  |e autor  |9 450962 
700 0 |a Winter, George  |e author  |9 350099 
245 1 0 |a Diseño de estructuras de concreto 
300 |a 770 p 
942 |c BK 
945 |d 19951130 00:00:00  |a rleighto 
260 |a Bogotá  |b McGraw-Hill  |c 1994 
650 0 |a Hormigones  |9 262546 
650 0 |a Materiales de construcción  |9 260197 
650 7 |a CEMENTOS  |2 CL-VaPUC  |9 262741 
650 0 |a Elementos estructurales  |9 350100 
650 7 |a CONSTRUCCION DE HORMIGON  |2 CL-VaPUC  |9 350101 
583 |a last modification  |c 19951130 00:00:00  |k Rodrigo Vera 
999 |c 242192  |d 242190 
952 |0 0  |1 0  |4 0  |6 624_183000000000000_NIL_1994  |7 0  |8 A  |9 254958  |a BIBING  |b BIBING  |d 2019-11-19  |i 3152413  |o 624.183 NIL 1994  |p 3152413  |r 2025-01-20  |w 2019-11-19  |y BK  |k CCL 
952 |0 0  |1 0  |4 0  |6 624_183000000000000_NIL_1994  |7 0  |8 A  |9 254960  |a BIBARQ  |b BIBARQ  |d 2019-11-19  |i 265959K  |l 1  |o 624.183 NIL 1994  |p 265959K  |r 2025-01-20  |s 2022-08-12  |w 2019-11-19  |y BK  |k ARQ 
952 |0 0  |1 0  |4 0  |6 624_183000000000000_NIL_1994  |7 0  |8 A  |9 254961  |a BIBING  |b BIBING  |d 2019-11-19  |i 3962369  |o 624.183 NIL 1994  |p 3962369  |r 2025-01-20  |w 2019-11-19  |y BK  |k CCL